000 00835cam a22002291a 4500
003 SA-RiAUC
005 20150408113837.0
008 030318s1993 ua f 00000 ara c
040 _aSA-RiAUC
_bara
_cSA-RiAUC
050 4 _aHF5655. A7.
_bA45 1993
082 0 4 _a657.48
_221
100 1 _aنور، أحمد محمد
_91217
245 1 2 _aالمحاسبة المالية /
_cأحمد نور.
260 _aالإسكندرية، مصر :
_bمؤسسة شباب الجامعة،
_c1993
300 _a661 ص. ؛
_c24 سم.
650 7 _aالمحاسبة التحليلية
_2aucsh
_91218
942 _2ddc
_cDVD
949 _aJU
_j427517JU
949 _aKSU
_c657 ن ا م
_d03/03/2008
_i1642131
_n2
_tDDC
_usystem
949 _aAABU
_cHF5655. A7. A45 1993
_tLC
_d25/09/2009
_i4325986
_j29154AABU
_n1
_usystem.
949 _aARUC
_n1
_d2011/7/11
_utraining
999 _c8876
_d243376